| 000 | 00707cam a22002291 4500 | ||
|---|---|---|---|
| 001 | sa 66004543 | ||
| 003 | DLC | ||
| 005 | 20260227112243.0 | ||
| 008 | 780829s1965 ii 000 0 eng | ||
| 010 | _asa 66004543 | ||
| 035 | _a(OCoLC)4177670 | ||
| 040 |
_aDLC _cMiEM _dDLC |
||
| 042 | _apremarc | ||
| 050 | 0 | 0 |
_aHD5069 _b.T4 |
| 100 | 1 | _aThakur, C. P. | |
| 245 | 1 | 0 |
_aMoney and real wages in India _c[by] C. P. Thakur. |
| 260 |
_a[New Delhi, _bShri Ram Centre Press, _c1965] |
||
| 300 |
_a18 p. _c24 cm. |
||
| 490 | 1 |
_aIndustrial relations statistical series, _v6 |
|
| 650 | 0 |
_aWages _zIndia |
|
| 810 | 2 |
_aShri Ram Centre for Industrial Relations, Delhi. _tIndustrial relations statistical series ; _v6. |
|
| 999 |
_c69480 _d69480 |
||